ESSENTIALS OF HUMAN ANATOMY V-1 (Record no. 1083)
[ view plain ]
| 000 -LEADER | |
|---|---|
| fixed length control field | 00332nam a2200133Ia 4500 |
| 008 - FIXED-LENGTH DATA ELEMENTS--GENERAL INFORMATION | |
| fixed length control field | 150201s2009 xx 000 0 und d |
| 082 ## - DEWEY DECIMAL CLASSIFICATION NUMBER | |
| Classification number | 611 |
| Item number | E09D |
| 100 ## - MAIN ENTRY--PERSONAL NAME | |
| Personal name | DATTA,A.K. |
| 245 ## - TITLE STATEMENT | |
| Title | ESSENTIALS OF HUMAN ANATOMY V-1 |
| 250 ## - EDITION STATEMENT | |
| Edition statement | 8TH |
| 260 ## - PUBLICATION, DISTRIBUTION, ETC. (IMPRINT) | |
| Name of publisher, distributor, etc. | CURRENT BOOK INT. |
| Place of publication, distribution, etc. | DELHI |
| Date of publication, distribution, etc. | 2009 |
| 650 ## - SUBJECT ADDED ENTRY--TOPICAL TERM | |
| Topical term or geographic name as entry element | HUMAN ANATOMY |
| 942 ## - ADDED ENTRY ELEMENTS (KOHA) | |
| Source of classification or shelving scheme | Dewey Decimal Classification |
| Koha item type | Books |
| Koha issues (borrowed), all copies | 26 |
| Withdrawn status | Lost status | Source of classification or shelving scheme | Damaged status | Not for loan | Collection code | Home library | Current library | Shelving location | Date acquired | Source of acquisition | Cost, normal purchase price | Serial Enumeration / chronology | SGTU | Bill Number | Total Checkouts | Full call number | Barcode | Date last seen | Bill Date | Koha item type | Checked out | Date last checked out |
|---|---|---|---|---|---|---|---|---|---|---|---|---|---|---|---|---|---|---|---|---|---|---|
| Dewey Decimal Classification | MEDICAL | SGT Medical Library | SGT Medical Library | Text Book | 27/02/2010 | U.B.S. DELHI | 395.00 | I | SGTU | 1013 | 611 E09D | FM4151 | 09/02/2015 | 27/02/2010 | Books | |||||||
| Dewey Decimal Classification | MEDICAL | SGT Medical Library | SGT Medical Library | Text Book | 27/02/2010 | U.B.S. DELHI | 395.00 | I | SGTU | 1013 | 1 | 611 E09D | FM4152 | 30/05/2026 | 27/02/2010 | Books | 13/06/2026 | 30/05/2026 | ||||
| Dewey Decimal Classification | MEDICAL | SGT Medical Library | SGT Medical Library | Text Book | 27/02/2010 | U.B.S. DELHI | 395.00 | I | SGTU | 1013 | 611 E09D | FM4153 | 09/02/2015 | 27/02/2010 | Books | |||||||
| Dewey Decimal Classification | MEDICAL | SGT Medical Library | SGT Medical Library | Text Book | 27/02/2010 | U.B.S. DELHI | 395.00 | I | SGTU | 1013 | 3 | 611 E09D | FM4154 | 13/06/2023 | 27/02/2010 | Books | 08/06/2023 | |||||
| Dewey Decimal Classification | MEDICAL | SGT Medical Library | SGT Medical Library | Text Book | 27/02/2010 | U.B.S. DELHI | 395.00 | I | SGTU | 1013 | 1 | 611 E09D | FM4155 | 25/11/2024 | 27/02/2010 | Books | 11/11/2024 | |||||
| Dewey Decimal Classification | MEDICAL | SGT Medical Library | SGT Medical Library | Text Book | 27/02/2010 | U.B.S. DELHI | 395.00 | I | SGTU | 1013 | 5 | 611 E09D | FM4156 | 25/11/2025 | 27/02/2010 | Books | 22/11/2025 | |||||
| Dewey Decimal Classification | MEDICAL | SGT Medical Library | SGT Medical Library | Text Book | 27/02/2010 | U.B.S. DELHI | 395.00 | I | SGTU | 1013 | 5 | 611 E09D | FM4157 | 21/03/2024 | 27/02/2010 | Books | 07/03/2024 | |||||
| Dewey Decimal Classification | MEDICAL | SGT Medical Library | SGT Medical Library | Text Book | 27/02/2010 | U.B.S. DELHI | 395.00 | I | SGTU | 1013 | 1 | 611 E09D | FM4158 | 20/11/2024 | 27/02/2010 | Books | 11/11/2024 | |||||
| Dewey Decimal Classification | MEDICAL | SGT Medical Library | SGT Medical Library | Text Book | 27/02/2010 | U.B.S. DELHI | 395.00 | I | SGTU | 1013 | 611 E09D | FM4159 | 09/02/2015 | 27/02/2010 | Books | |||||||
| Dewey Decimal Classification | MEDICAL | SGT Medical Library | SGT Medical Library | Text Book | 27/02/2010 | U.B.S. DELHI | 395.00 | I | SGTU | 1013 | 611 E09D | FM4160 | 09/02/2015 | 27/02/2010 | Books | |||||||
| Dewey Decimal Classification | MEDICAL | SGT Medical Library | SGT Medical Library | Text Book | 27/02/2010 | U.B.S. DELHI | 395.00 | I | SGTU | 1013 | 7 | 611 E09D | FM4161 | 15/06/2023 | 27/02/2010 | Books | 26/05/2023 | |||||
| Dewey Decimal Classification | MEDICAL | SGT Medical Library | SGT Medical Library | Text Book | 27/02/2010 | U.B.S. DELHI | 395.00 | I | SGTU | 1013 | 4 | 611 E09D | FM4162 | 07/02/2024 | 27/02/2010 | Books | 02/02/2024 | |||||
| Dewey Decimal Classification | MEDICAL | SGT Medical Library | SGT Medical Library | Text Book | 27/02/2010 | U.B.S. DELHI | 395.00 | I | SGTU | 1013 | 611 E09D | FM4163 | 09/02/2015 | 27/02/2010 | Books | |||||||
| Dewey Decimal Classification | MEDICAL | SGT Medical Library | SGT Medical Library | Text Book | 27/02/2010 | U.B.S. DELHI | 395.00 | I | SGTU | 1013 | 2 | 611 E09D | FM4164 | 18/11/2025 | 27/02/2010 | Books | 18/11/2025 |